Investičné bankovníctvo je jedným zo zdrojov zisku

Historický pohľad na vznik bankovníctva. Rôzne názory na pojem a činnosť investičného bankovníctva. Služby investičného bankovníctva využívané v jednotlivých spoločnostiach. Riziká investičného bankovníctva.

Na minha lista:
Detalhes bibliográficos
Autor principal: Kusovská, Martina
Formato: Capítulo de Livro
Idioma:eslovaco
Assuntos:
Tags: Adicionar Tag
Sem tags, seja o primeiro a adicionar uma tag!

MARC

LEADER 00000naa a2200000 4500
001 r046993
005 20230920080905.5
041 0 |a slo 
044 |a SK 
245 1 0 |a Investičné bankovníctvo je jedným zo zdrojov zisku  |c Martina Kusovská 
520 |a Historický pohľad na vznik bankovníctva. Rôzne názory na pojem a činnosť investičného bankovníctva. Služby investičného bankovníctva využívané v jednotlivých spoločnostiach. Riziká investičného bankovníctva. 
610 2 0 |a bankovníctvo investičné 
610 2 0 |a história 
610 2 0 |a pojmy 
610 2 0 |a trh finančný 
610 2 0 |a služby bankové 
100 1 |a Kusovská, Martina